Socioekonomický přístup k cestovnímu ruchu

Štandardné pohľady na cestovný ruch. Systémový prístup k cestovnému ruchu. Realita cestovného ruchu. Produkt cestovného ruchu závislý od destinácie. Individualizácia dopytu. Socioekonomický prístup k cestovnému ruchu. Skúmanie ekonomických problémov cestovného ruchu zo sociologickej perspektívy. Ind...

Full description

Saved in:
Bibliographic Details
Main Author: Vlček, Josef
Format: Book Chapter
Language:Czech
Subjects:
Tags: Add Tag
No Tags, Be the first to tag this record!

MARC

LEADER 00000nla a2200000 4500
001 0240886
005 20240417075132.3
041 0 |a cze 
044 |a CZ 
245 1 0 |a Socioekonomický přístup k cestovnímu ruchu  |c Josef Vlček 
520 |a Štandardné pohľady na cestovný ruch. Systémový prístup k cestovnému ruchu. Realita cestovného ruchu. Produkt cestovného ruchu závislý od destinácie. Individualizácia dopytu. Socioekonomický prístup k cestovnému ruchu. Skúmanie ekonomických problémov cestovného ruchu zo sociologickej perspektívy. Individuálny konzument. 
610 2 0 |a ruch cestovný 
610 2 0 |a ponuka 
610 2 0 |a dopyt 
610 2 0 |a spotrebitelia 
610 2 0 |a segmentácia 
610 2 0 |a sociológia 
100 1 |a Vlček, Josef